000 00442nam a2200181Ia 4500
001 10725
003 GE_BSU
008 181216s||||||||xx |||||||||||||| ||und||
040 _cGE_BSU
245 _aПедагогика. №5. 2014
245 _cГл.ред.Бозиев Р.С.
260 _aМосква
260 _bПедагогика
260 _c2014
300 _a128стр.24см.
653 _aПедагогика
942 _cCR
999 _c43975
_d43975